000 00277nam a2200109Ia 4500
008 201217s9999 xx 000 0 und d
100 _aMoffat, Donald W. (ed.)
245 0 _aConcise Desk Book of Business Finance
260 _aLondon
_bPrentice Hall
300 _a387
942 _cBK
999 _c7807
_d7807